| 000 | 00548nam a22001457a 4500 | ||
|---|---|---|---|
| 999 |
_c132221 _d132221 |
||
| 005 | 20231124105327.0 | ||
| 008 | 231124b ||||| |||| 00| 0 eng d | ||
| 040 | _cPK-LaUMT | ||
| 082 |
_aPKAC 297.07 _bHAN-T |
||
| 100 | _aHanif Yazdani, Muhammad = حنیف ٰزدانی، محمد | ||
| 245 |
_aTalemaat i Shah Ahmed Raza Khan Brelvai = تعلیمات شاہ احمد رضا خاں بریلوی / _cby Muhammad Hanif Yazdani = از محمد حنیف یزدانی |
||
| 260 |
_aLahore : _bMaktabah Naziria, _cN A |
||
| 300 | _a96 p. | ||
| 942 | _cBK | ||